Bihar: (Record no. 29309)
[ view plain ]
| 000 -LEADER | |
|---|---|
| fixed length control field | 00524nam a22001817a 4500 |
| 008 - FIXED-LENGTH DATA ELEMENTS--GENERAL INFORMATION | |
| fixed length control field | 230512b |||||||| |||| 00| 0 eng d |
| 020 ## - INTERNATIONAL STANDARD BOOK NUMBER | |
| International Standard Book Number | 81-7154-684-6 |
| 040 ## - CATALOGING SOURCE | |
| Original cataloging agency | National Science Library |
| Transcribing agency | National Science Library |
| 080 ## - UNIVERSAL DECIMAL CLASSIFICATION NUMBER | |
| Universal Decimal Classification number | 91(541.4) |
| Item number | N2 |
| 100 ## - MAIN ENTRY--PERSONAL NAME | |
| Personal name | Lahiri, Manosi |
| 9 (RLIN) | 8775 |
| 245 ## - TITLE STATEMENT | |
| Title | Bihar: |
| Remainder of title | Geographic information system |
| 260 ## - PUBLICATION, DISTRIBUTION, ETC. | |
| Place of publication, distribution, etc. | Bombay: |
| Name of publisher, distributor, etc. | Popular Prakashan Private Limited, |
| Date of publication, distribution, etc. | 1992 |
| 300 ## - PHYSICAL DESCRIPTION | |
| Extent | 197p. |
| 365 ## - TRADE PRICE | |
| Price amount | 200.00 |
| Currency code | INR |
| 650 ## - SUBJECT ADDED ENTRY--TOPICAL TERM | |
| Topical term or geographic name entry element | Geography |
| 653 ## - INDEX TERM--UNCONTROLLED | |
| Uncontrolled term | Graphs |
| 942 ## - ADDED ENTRY ELEMENTS (KOHA) | |
| Source of classification or shelving scheme | Universal Decimal Classification |
| Koha item type | Reference |
| Withdrawn status | Lost status | Source of classification or shelving scheme | Damaged status | Not for loan | Collection | Home library | Current library | Shelving location | Date acquired | Cost, normal purchase price | Total Checkouts | Full call number | Barcode | Date last seen | Price effective from | Koha item type |
|---|---|---|---|---|---|---|---|---|---|---|---|---|---|---|---|---|
| Universal Decimal Classification | Reference | National Science Library | National Science Library | GF/Rk-22/C-6/R-6 | 12/01/2001 | 200.00 | 91(541.4) N2 | 179376 | 12/05/2023 | 12/01/2001 | Reference |